Rumuńska imigracja według państw - Statystyki

Ogólne statystyki
  • Ten quiz został rozwiązany 140 razy
  • Średni wynik to 15 z 20
Statystyki odpowiedzi
Ludzie Państwo % Poprawnych
9 308 Rosja
94%
47 614 Ukraina
94%
302 001 Mołdawia
93%
10 029 Bułgaria
92%
34 071 Niemcy
88%
9 230 Turcja
87%
9 560 Węgry
87%
21 960 Francja
84%
5 771 Stany Zjednoczone
84%
72 473 Włochy
83%
59 978 Hiszpania
81%
7 829 Grecja
80%
6 125 Chiny
77%
34 812 Wielka Brytania
76%
3 767 Austria
67%
4 970 Belgia
52%
3 191 Syria
46%
3 829 Irlandia
45%
4 223 Wietnam
39%
4 718 Izrael
35%
Nie znaleziono quizów pasujących do podanych kryteriów
Rozkład punktacji
Procent ludzi z każdym wynikiem
Percentyl według liczby udzielonych odpowiedzi
Twoja historia wyników
Nie rozwiązałeś tego quizu